|
|
|
|
| LEADER |
00000cam a2200000 a 4500 |
| 001 |
64920 |
| 005 |
20230308161020.0 |
| 008 |
992110|1992 ||||||||r|||||||||||spa|| |
| 020 |
|
|
|a 9978940502
|
| 040 |
|
|
|b spa
|
| 041 |
1 |
|
|a spa
|
| 082 |
0 |
|
|a 331.8
|
| 100 |
1 |
|
|a Eckl, Jürgen
|9 22797
|
| 245 |
|
|
|a Juventud y sindicalismo
|c Jürgen Eckl y otros
|h imp
|
| 264 |
|
|
|a Quito
|b ILDIS
|c Marzo 1992
|
| 300 |
|
|
|a 93 páginas:
|b ilu
|c 21 cm
|
| 650 |
|
|
|a Sindicalismo
|9 10298
|
| 852 |
|
|
|a UC-CDJBV
|c ESTANTERIA CERRADA
|f Donación
|k zulay.encalada
|l 1
|m General
|p 19921106
|q 1500.00
|r 2
|t 64920
|b 0
|d CDRC
|e CDRC
|g 331.8 ESTANTERIA CERRADA
|z 1992-21-10
|
| 942 |
|
|
|c BK
|
| 999 |
|
|
|c 13026
|d 13026
|